000 00453nam a2200169 i 4500
001 101277
003 ES-MaACL
005 20230906182849.0
007 t|
008 051017s1934 xxk ||||1| eng d
100 1 _aMay, J. Lewis.
_979323
245 1 0 _aCharles Lamb
_b: a study /
_cby J. Lewis May.
260 _aLondon :
_bGeoffrey Bles,
_c1934.
300 _aXI, 235 p. ;
_c22 cm.
600 0 4 _aLamb, Charles.
_969793
852 _aES-MaACL
_jA-2825
999 _c101277
_d101277